Sports Quiz

Random Sports or NFL Quiz

Championship Streaks Quiz Stats

 Plays Quiz not verified by Sporcle

Challenge
Share
Tweet
Embed
Score 0/49 Timer 05:00
0 Plays Today
Sport % Correct
MLBNew York Yankees
96.5%
MLBNew York Yankees
96.5%
MLBNew York Yankees
96.5%
MLBNew York Yankees
96.5%
MLBNew York Yankees
96.5%
MLBNew York Yankees
96.5%
NHLMontreal Canadiens
90.8%
NHLMontreal Canadiens
90.8%
NHLMontreal Canadiens
90.8%
NHLMontreal Canadiens
90.8%
NHLMontreal Canadiens
90.8%
MLBCincinnati Reds
89.6%
NBAMinneapolis Lakers
88.4%
NBALos Angeles Lakers
88.4%
NBAMinneapolis Lakers
88.4%
NBALos Angeles Lakers
88.4%
NBALos Angeles Lakers
88.4%
MLBBoston Red Sox
87.3%
NBABoston Celtics
86.7%
NBABoston Celtics
86.7%
NHLDetroit Red Wings
85%
NHLDetroit Red Wings
85%
NHLDetroit Red Wings
85%
NFLNew England Patriots
85%
NFLGreen Bay Packers
83.2%
Sport % Correct
NFLDallas Cowboys
83.2%
NFLPittsburgh Steelers
82.1%
NFLPittsburgh Steelers
82.1%
NHLToronto Maple Leafs
81.5%
NHLToronto Maple Leafs
81.5%
NBAChicago Bulls
80.9%
NBAChicago Bulls
80.9%
MLBChicago Cubs
80.3%
MLBNew York Giants
79.8%
NHLEdmonton Oilers
79.2%
NHLEdmonton Oilers
79.2%
MLBToronto Blue Jays
78%
NFLSan Francisco 49ers
78%
MLBOakland Athletics
77.5%
MLBPhiladelphia Athletics
77.5%
MLBPhiladelphia Athletics
77.5%
NBADetroit Pistons
76.3%
NHLPittsburgh Penguins
76.3%
NBAHouston Rockets
75.1%
NHLNew York Islanders
74%
NFLMiami Dolphins
74%
NFLDenver Broncos
72.3%
NHLPhiladelphia Flyers
69.9%
NHLOttawa Senators
55.5%

You're not logged in!

Compare scores with friends on all Sporcle quizzes.
Join for Free
OR
Log In

You Might Also Like...

Show Comments

Extras

Top Quizzes Today


Score Distribution

Your Account Isn't Verified!

In order to create a playlist on Sporcle, you need to verify the email address you used during registration. Go to your Sporcle Settings to finish the process.

Report this User

Report this user for behavior that violates our Community Guidelines.

Details: